000 00303nam a2200109Ia 4500
008 200302s9999 xx 000 0 und d
100 _aAlam Singh R.C. Joshi
245 _aCurrent Practices in Geotechnical Engineering Vol 1
260 _bIBT Publishers & Destributors
260 _c1985
300 _a280 P.,
999 _c3950
_d3950